Molecular spectra and molecular structure

Saved in:
Bibliographic Details
Main Author: Herzberg, Gerhard (Author)
Format: Book
Language:English
Published: Nueva York Van Nostrand Reinhold 1950
Edition:2a. ed
Subjects:
Tags: Add Tag
No Tags, Be the first to tag this record!

MARC

LEADER 00000nam a2200000 a 4500
001 UCT4108
003 CL-VaPUC
008 961108e19500000US |||||||||||||||||eng|d
082 0 4 |a 539.6  |b HER  |2 21 
100 |a Herzberg, Gerhard  |e author  |9 552995 
245 1 0 |a Molecular spectra and molecular structure 
250 |a 2a. ed 
300 |a v 
942 |c BK 
945 |d 19961108 00:00:00  |a paguirre 
260 |a Nueva York  |b Van Nostrand Reinhold  |c 1950 
500 |a v.1: Spectra of diatomic molecules 
650 0 |a Moléculas   |9 259584 
650 7 |a ESPECTROS MOLECULARES  |2 CL-VaPUC  |9 373241 
650 0 |a Estructura molecular  |9 306892 
650 0 |a Átomos  |9 259583 
650 7 |a ELECTRONES  |2 CL-VaPUC  |9 322158 
583 |a last modification  |c 19961108 00:00:00  |k Rodrigo Vera 
999 |c 253540  |d 253538